|
|
|
|
| LEADER |
00000cam a2200000 4500 |
| 001 |
vtls011788361 |
| 003 |
SK-MaSNL |
| 005 |
20260301050041.0 |
| 008 |
200507s2018 xo o grf 000 0 slo |
| 015 |
|
|
|a SNBA2019/04
|
| 020 |
|
|
|a 9788056606469
|q (viazané)
|
| 035 |
|
|
|a urn:nbn:sk:snk-am00dy56
|
| 035 |
|
|
|a urn:nbn:sk:snk-am3i97b
|
| 035 |
|
|
|a 97DC3466-E0CB-40FF-B1C3-E90E2F8CB65E
|
| 040 |
|
|
|a SNK
|b slo
|c SNK
|e rda
|
| 041 |
0 |
|
|a slo
|
| 044 |
|
|
|a xo
|c SK
|
| 072 |
|
7 |
|a 641
|x Kuchárstvo. Potraviny. Varené jedlá
|2 konspekt
|
| 080 |
|
|
|a 613.2
|2 2011
|
| 080 |
|
|
|a 641/642
|2 2011
|
| 080 |
|
|
|a (083.12)
|2 2011
|
| 100 |
1 |
|
|a Malková, Simona
|4 aut
|4 pht
|9 355040
|
| 245 |
1 |
0 |
|a Sladké a fit
|b fitclan
|c Simona Malková, Simon Kopunec
|
| 250 |
|
|
|a 1. vydanie
|
| 264 |
|
1 |
|a Bratislava
|b Lindeni
|c 2018
|
| 300 |
|
|
|a 161 strán
|b farebné fotografie
|c 26 cm
|
| 336 |
|
|
|a text
|b txt
|2 rdacontent
|
| 336 |
|
|
|a statický obraz
|b sti
|2 rdacontent
|
| 337 |
|
|
|a bez média
|b n
|2 rdamedia
|
| 338 |
|
|
|a zväzok
|b nc
|2 rdacarrier
|
| 500 |
|
|
|a Vydalo vydavateľstvo Lindeni v spoločnosti Albatros Media Slovakia, s.r.o.
|
| 650 |
0 |
7 |
|a zdravá výživa
|2 SNKPH
|9 66259
|
| 650 |
0 |
7 |
|a múčniky
|2 SNKPH
|9 669
|
| 650 |
0 |
7 |
|a Healthy eating
|2 SNKPHeng
|9 267865
|
| 650 |
0 |
7 |
|a Desserts
|2 SNKPHeng
|9 330911
|
| 655 |
|
7 |
|a kuchárske recepty
|2 SNKPH
|9 70493
|
| 655 |
|
7 |
|a Cookbooks
|2 SNKPHeng
|9 270340
|
| 700 |
1 |
|
|a Kopunec, Simon
|4 aut
|9 355041
|
| 710 |
2 |
|
|a Albatros Media Slovakia.
|b Lindeni
|4 pbl
|9 193326
|
| 919 |
|
|
|a 978-80-566-0646-9
|
| 999 |
|
|
|c 600023
|d 601953
|
| 952 |
|
|
|a SNK
|b SNK
|y PREZ
|7 0
|p 17A1362479
|o snkSB 93994
|i snk2019/9011
|8 0
|0 0
|1 0
|4 0
|d 2019-03-29
|f 1
|l 0
|r 2025-05-15 00:00:00
|w 2026-02-23
|
| 952 |
|
|
|a SNK
|b SNK
|y VYP
|7 0
|p 17A1362480
|o snkSB 93994 D1
|i snk2019/9012
|8 0
|0 0
|1 0
|4 0
|d 2019-03-29
|l 0
|r 2026-02-23 15:51:35
|w 2026-02-23
|